| Поле | Инд. | ПП | Название | Значение |
|---|---|---|---|---|
| Тип записи | a | |||
| Библиографический уровень | a | |||
| 001 | Контрольный номер | RU/IS/BASE/262109786 | ||
| 005 | Дата корректировки | 20240109101440.9 | ||
| 084 | a | Индекс другой классификации/Индекс ББК | 81.47-00; 81.008 | |
| 090 | 00 | a | Полочн. индекс | 81я43 |
| x | Авторский знак | П 781 | ||
| 100 | 10 | a | Автор | Катагощина Н. А. |
| 245 | 00 | a | Заглавие | Сравнительно-сопоставительное изучение близкородственных языков и проблемы типологии |
| 650 | 04 | a | Основная рубрика | филологические науки; языкознание |
| 653 | 00 | a | Ключевые слова | иберо-романские языки |
| a | Ключевые слова | каталанский язык | ||
| a | Ключевые слова | латинский язык | ||
| a | Ключевые слова | общее | ||
| a | Ключевые слова | португальский язык | ||
| a | Ключевые слова | провансальский язык | ||
| a | Ключевые слова | родство языковое | ||
| a | Ключевые слова | романские языки | ||
| a | Ключевые слова | сравнительно-историческая лингвистика | ||
| a | Ключевые слова | типология языков | ||
| a | Ключевые слова | фонетическая система | ||
| a | Ключевые слова | фонологический уровень | ||
| a | Ключевые слова | французский язык | ||
| 773 | 00 | d | Дата издания источника | Москва, 1967 |
| g | Прочая информация | С. 267-270 | ||
| t | Заглавие источника | Проблемы языкознания | ||
| w | Контрольный № источника | RU/IS/BASE/102085341 | ||
| 901 | t | Тип документа | a |